Visszatérő vendégek generálása a prémium szállodaiparban - A Marriott stratégiái

Bibliographic Details
Main Author: Tóth Evelin
Other Authors: Taralik Krisztina
Format: Thesis
Kulcsszavak:7P modell
marketing
stratégia
SWOT-elemzés
vállalkozás marketingstratégiája
Online Access:http://dolgozattar.uni-bge.hu/59914

MARC

LEADER 00000nta a2200000 i 4500
001 dolg59914
005 20260409145735.0
008 260409suuuu hu om 000 hun d
040 |a BGE Dolgozattár Repozitórium  |b hun 
041 |a hu 
100 1 |a Tóth Evelin 
245 1 0 |a Visszatérő vendégek generálása a prémium szállodaiparban - A Marriott stratégiái  |c Tóth Evelin  |h [elektronikus dokumentum] 
520 3 |a Szakdolgozatom azt vizsgálja, hogy hogyan tudnak a prémium szállodák, például a Marriott, több visszatérő vendéget szerezni, hogyan ösztönzik őket a lojalitásra. Bemutatja, hogy a vendégélmény, a személyre szabott szolgáltatások és a digitális megoldások milyen fontos szerepet játszanak ebben. A kutatás mélyinterjúkon alapul, amelyekből kiderül, hogy a munkatársak hozzáállása és a jól működő csapat is sokat számít a vendégek elégedettségében és hűségében. 
695 |a 7P modell 
695 |a marketing 
695 |a stratégia 
695 |a SWOT-elemzés 
695 |a vállalkozás marketingstratégiája 
700 1 |a Taralik Krisztina  |e ths 
856 4 0 |u http://dolgozattar.uni-bge.hu/59914/1/Visszat%C3%A9r%C5%91%20vend%C3%A9gek%20gener%C3%A1l%C3%A1sa%20a%20pr%C3%A9mium%20sz%C3%A1llodaiparban_Szakdolgozat_T%C3%B3th%20Evelin.pdf  |z Dokumentum-elérés 
856 4 0 |u http://dolgozattar.uni-bge.hu/59914/2/T%C3%B3th%20Evelin.pdf  |z Dokumentum-elérés 
856 4 0 |u http://dolgozattar.uni-bge.hu/59914/3/T%C3%B3th%20Evelin%20BA%20KM%20magyar%20b%C3%ADr%C3%A1lati%20lap%20BELS%C5%90.pdf  |z Dokumentum-elérés